000 00314nam a2200133Ia 4500
008 191201s2012 xx 000 0 und d
100 _aSADIKU,Matthew ND
245 0 _aPrinciples of Electromagnetics
250 _aIMP
260 _aN. Delhi
_bOxford
_c2012
300 _a734
650 _aB.Tech(ECE)
942 _2ddc
_cBK
999 _c98
_d98